Homes: today and tomorrow /

Bibliographic Details
Main Author: Sherwood, Ruth F.
Format: Book
Language:English
Published: Peoria, Ill. : C. A. Bennett Co., [1972]
Subjects:

MARC

Tag First Indicator Second Indicator Subfields
LEADER 00000cam a2200000 4500
001 in00000058300
005 20151008051522.0
008 720922s1972 ilua j b 00110 eng
010 |a  72080327  
020 |a 0870021311 
035 |a (OCoLC)00481460 
035 |9 AAG8415AM 
040 |a DLC  |c DLC  |d TXA  |d UtOrBLW 
043 |a n-us--- 
049 |a [Curr Col] TXAM  |c 1 [1632236] 2 [1632237] 
050 0 0 |a NK1403.A1  |b S49 
082 0 |a 643/.0973 
100 1 |a Sherwood, Ruth F. 
245 1 0 |a Homes: today and tomorrow /  |c by Ruth F. Sherwood, with George H. Sherwood. 
264 1 |a Peoria, Ill. :  |b C. A. Bennett Co.,  |c [1972] 
264 4 |c [©1972] 
300 |a 496 pages :  |b illustrations ;  |c 25 cm. 
336 |a text  |b txt  |2 rdacontent 
337 |a unmediated  |b n  |2 rdamedia 
338 |a volume  |b nc  |2 rdacarrier 
504 |a Includes bibliographies. 
650 0 |a Design  |z United States  |x Juvenile literature. 
650 0 |a Interior decoration  |z United States  |x Juvenile literature. 
650 0 |a House buying  |x Juvenile literature. 
999 |a MARS 
999 f f |s a57be44e-cff6-3fdf-94f8-c74f7e612e43  |i dcb8da3f-225d-3fd4-96f0-32e81bd3fc65  |t 0 
952 f f |p normal  |a Texas A&M University  |b College Station  |c Sterling C. Evans Library  |d Evans: Library Stacks  |t 0  |e NK1403.A1 S49  |h Library of Congress classification  |i unmediated -- volume  |m A14800226310 
998 f f |a NK1403.A1 S49  |t 0  |l Evans: Library Stacks